000 00793nab a2200241 u 4500
001 10222
003 HDC
007 cr bn ---aaaaa
008 210203c9999 |r|nos 0 a eng d
040 _aHDC
110 _aMalaysian Digest
245 0 _aSME Corp CEO Receives APEC Business Award
260 _a[no place] :
_b[publisher not identified],
_c[no year]
336 _atext
_2rdacontent
337 _acomputer
_2rdamedia
338 _aonline resource
_2rdacarrier
650 _aBusiness Award
_910464
650 _aSME Corporation Malaysia
_910463
856 _zRequest full-text at [email protected]
942 _2lcc
942 _cNEWS
942 _kNWSO 000135
999 _c7545
_d7545